| 000 | 00789nam a2200205 a 4500 | ||
|---|---|---|---|
| 003 | 0 | ||
| 005 | 20250403122426.0 | ||
| 008 | 050809s19uu xx 00 eng d | ||
| 050 |
_aPGS QK 753.T4.V54 _b.Sa158 2005 |
||
| 100 | _aSakagami, Arisa L. | ||
| 245 |
_aThe effects of temperature on the growth of mongo plants (Vigna radiata) / _cArisa L. Sakagami. |
||
| 260 |
_aLas PiƱas City, Philippines : _bSouthville International School and Colleges, _c2005. |
||
| 300 |
_a25 pages : _bcolored illustrations ; _c28 cm. |
||
| 504 | _aIncludes bibliographical references. | ||
| 650 |
_aVigna radiata _vGrowth. |
||
| 650 |
_aPlants _vEffect of temperature on. |
||
| 650 |
_aPlant physiology _vTemperature effects. |
||
| 650 |
_aSeedling development _vTemperature effects. |
||
| 942 |
_2lcc _cPASS |
||
| 999 |
_c97420 _d97420 |
||